000 01085cam a2200265 4500
001 2874
005 20181127165951.0
008 060321s2006 nyu 000 1 eng
010 _a 2006009809
020 _a0316734950
020 _a9780316734950
043 _an-us-ca
100 1 _aConnelly, Michael,
_d1956-
245 1 0 _aEcho Park /
_cMichael Connelly.
260 _aNew York :
_bWarner Books,
_c2007.
300 _a427 p. ;
_c18 cm.
520 _aDetective Harry Bosch, now in the Open-unsolved Unit, receives a call from the DA telling him a serial killer has confessed to several murders. Harry must interview the man about a case he couldn't crack involving the murder of a 22-year-old woman whose body was never found.
650 0 _aBosch, Harry (Fictitious character)
_vFiction.
650 0 _aCold cases (Criminal investigation)
_vFiction.
650 0 _aMissing persons
_vFiction.
650 0 _aPolice
_zCalifornia
_zLos Angeles
_vFiction.
650 0 _aSerial murderers
_vFiction.
650 0 _aYoung women
_xCrimes against
_vFiction.
655 7 _aMystery fiction.
_2gsafd
999 _c2305
_d2305